Dr. Adriaan /

Bibliographic Details
Main Author: Couperus, Louis, 1863-1923
Other Authors: Teixeira de Mattos, Alexander, 1865-1921
Format: Book
Language:English
Dutch
Published: New York : Dodd, Mead and company, 1918.

MARC

Tag First Indicator Second Indicator Subfields
LEADER 00000cam a2200000 4500
001 in00000026599
005 20151007062601.0
008 751124s1918 nyu 00010 eng
010 |a  18021163  
035 |a (OCoLC)01849762 
035 |9 AAD5280AM 
040 |a DLC  |c FBA  |d OCL  |d TXA  |d UtOrBLW 
041 1 |a eng  |a dut 
049 |a TXAM  |c [12210] 
050 0 0 |a PZ3.C8341  |b Do 
090 |a PT5825  |b .D73 1918 
092 |a 839.313  |b C856d 
100 1 |a Couperus, Louis,  |d 1863-1923. 
245 1 0 |a Dr. Adriaan /  |c by Louis Couperus, tr. by Alexander Teixeira de Mattos. 
264 1 |a New York :  |b Dodd, Mead and company,  |c 1918. 
300 |a 3 pages ., 321 pages ;  |c 20 cm. 
336 |a text  |b txt  |2 rdacontent 
337 |a unmediated  |b n  |2 rdamedia 
338 |a volume  |b nc  |2 rdacarrier 
500 |a "Fourth and last of the volumes forming The books of the small souls."--Translator's note. 
700 1 |a Teixeira de Mattos, Alexander,  |d 1865-1921. 
999 |a MARS 
999 f f |s 4f4b86ad-831a-3d31-aba6-de7ffe1263ed  |i 9553ccb0-d47b-3b40-98bf-41d0a30c83c5  |t 0 
952 f f |p ric  |a Texas A&M University  |b Rellis Campus  |c Joint Library Facility  |d Remote Storage  |t 0  |e PT5825 .D73 1918  |h Library of Congress classification  |i unmediated -- volume  |m A14801359881 
998 f f |a PT5825 .D73 1918  |t 0  |l Remote Storage